[Event "POL-chT 2nd League"]
[Site "Jastrzebia Gora"]
[Date "2019.09.15"]
[Round "9.22"]
[White "Kalkowski, Igor"]
[Black "Wasik, Roman"]
[Result "1-0"]
[WhiteElo "1875"]
[BlackElo "1481"]
[PlyCount "91"]
[EventDate "2019.09.07"]
[EventType "team-swiss"]
[EventRounds "9"]
[EventCountry "POL"]
[SourceTitle "EXT 2020"]
[Source "ChessBase"]
[SourceDate "2019.10.17"]
[SourceVersion "1"]
[SourceVersionDate "2019.10.17"]
[SourceQuality "1"]
[WhiteTeam "Podlesie UKS 21"]
[BlackTeam "Rzeszow RzKSz"]
[WhiteTeamCountry "POL"]
[BlackTeamCountry "POL"]

1. d4 d6 2. e4 g6 3. Nc3 Bg7 4. Bc4 Nf6 5. Qe2 0-0 6. e5 dxe5 7. dxe5 Ng4 8. e6 f5 9. h3 Nf6 10. Bf4 Nc6 11. Rd1 Nd4 12. Qd3 Nh5 13. Be3 c5 14. Nge2 Qa5 15. 0-0 f4 16. Bd2 Qd8 17. Nxd4 Bxd4 18. Qf3 a6 19. a4 Rb8 20. Rfe1 b6 21. Bd5 Qc7 22. Ne2 Be5 23. Bc3 Bd6 24. Nc1 b5 25. axb5 axb5 26. b3 b4 27. Bb2 Ba6 28. c4 Rb6 29. Nd3 Nf6 30. Ne5 Nxd5 31. cxd5 Bc8 32. Ng4 h5 33. Nh6+ Kh7 34. Nf7 Rb8 35. Qd3 Rxf7 36. exf7 Bf5 37. Qe2 Rf8 38. Ra1 Rxf7 39. Ra8 Bc8 40. Rea1 f3 41. gxf3 Rf5 42. h4 Rxd5 43. R1a7 Qd8 44. Rxc8 Qxc8 45. Rxe7+ Kg8 46. Re8+ 1-0

[Event "POL-chT 2nd League"]
[Site "Jastrzebia Gora"]
[Date "2019.09.07"]
[Round "1.16"]
[White "Grochowski, Kosma"]
[Black "Kalkowski, Igor"]
[Result "1-0"]
[WhiteElo "1903"]
[BlackElo "1875"]
[PlyCount "105"]
[EventDate "2019.09.07"]
[EventType "team-swiss"]
[EventRounds "9"]
[EventCountry "POL"]
[SourceTitle "EXT 2020"]
[Source "ChessBase"]
[SourceDate "2019.10.17"]
[SourceVersion "1"]
[SourceVersionDate "2019.10.17"]
[SourceQuality "1"]
[WhiteTeam "Lublin LKSz"]
[BlackTeam "Podlesie UKS 21"]
[WhiteTeamCountry "POL"]
[BlackTeamCountry "POL"]

1. e4 c5 2. Nf3 e6 3. c3 d5 4. exd5 Qxd5 5. d4 cxd4 6. cxd4 Nf6 7. Nc3 Qd8 8. Bc4 Be7 9. 0-0 0-0 10. Bg5 Nbd7 11. Ne5 Nb6 12. Bb3 Nbd5 13. Qf3 Qa5 14. Rad1 Rd8 15. Ne4 Rf8 16. Nxf6+ Nxf6 17. h4 Nd5 18. Bxe7 Nxe7 19. Rfe1 Nd5 20. h5 h6 21. a3 Qd8 22. Rc1 a5 23. Rc5 Nf6 24. Rd1 a4 25. Bc2 Ra6 26. Qd3 Re8 27. Rc4 Bd7 28. Rb4 Ra7 29. Re1 Kf8 30. Qd1 b5 31. Qf3 Rc7 32. Be4 Qe7 33. Bg6 Rec8 34. Bxf7 Rc1 35. Rxc1 Rxc1+ 36. Kh2 Qd6 37. g3 Ke7 38. Bg6 Qc7 39. Be4 Be8 40. Bg6 Nd5 41. Bxe8 Nxb4 42. Qf7+ Kd8 43. Qf8 Kc8 44. Bxb5+ Qd8 45. Bd7+ Kc7 46. Qxb4 Qa8 47. f3 Qa6 48. Bb5 Rc2+ 49. Kh3 Qb6 50. Qe7+ Kc8 51. Qd7+ Kb8 52. Nc6+ Ka8 53. Qc8+ 1-0

[Event "EU-ch U16"]
[Site "Bratislava"]
[Date "2019.08.10"]
[Round "9"]
[White "Kalkowski, Igor"]
[Black "Placer, Sebastian"]
[Result "0-1"]
[WhiteElo "1833"]
[BlackElo "2083"]
[PlyCount "50"]
[EventDate "2019.08.02"]
[EventType "swiss"]
[EventRounds "9"]
[EventCountry "SVK"]
[SourceTitle "CBM 191 Extra"]
[Source "ChessBase"]
[SourceDate "2019.09.30"]
[SourceVersion "1"]
[SourceVersionDate "2019.09.30"]
[SourceQuality "1"]

1. e4 c6 2. d4 d5 3. exd5 cxd5 4. c4 Nf6 5. Nc3 Nc6 6. Nf3 Bg4 7. cxd5 Nxd5 8. Qb3 Bxf3 9. gxf3 e6 10. Qxb7 Nxd4 11. Bb5+ Nxb5 12. Qc6+ Ke7 13. Qc5+ Qd6 14. Nxd5+ exd5 15. Qxb5 Rb8 16. Qd3 f6 17. 0-0 Kf7 18. Rd1 Rd8 19. Be3 Rd7 20. Rac1 Qb8 21. Qf5 Qb7 22. Rc8 Qxc8 23. Rxd5 Rd8 24. Qd3 Be7 25. Bxa7 Qc1+ 0-1

[Event "EU-ch U16"]
[Site "Bratislava"]
[Date "2019.08.05"]
[Round "4"]
[White "Kalkowski, Igor"]
[Black "Woltery, Nicolai"]
[Result "0-1"]
[WhiteElo "1833"]
[BlackElo "1918"]
[PlyCount "70"]
[EventDate "2019.08.02"]
[EventType "swiss"]
[EventRounds "9"]
[EventCountry "SVK"]
[SourceTitle "CBM 191 Extra"]
[Source "ChessBase"]
[SourceDate "2019.09.30"]
[SourceVersion "1"]
[SourceVersionDate "2019.09.30"]
[SourceQuality "1"]

1. e4 c5 2. Nc3 Nc6 3. f4 g6 4. Nf3 Bg7 5. Bb5 Nd4 6. 0-0 a6 7. Bc4 e6 8. d3 Ne7 9. e5 d5 10. exd6 Qxd6 11. Ne4 Qc7 12. c3 Ndf5 13. Qe1 0-0 14. g4 Nd6 15. Nxd6 Qxd6 16. Qh4 Nd5 17. Ng5 Nf6 18. Ne4 Nxe4 19. dxe4 b5 20. Be2 f5 21. e5 Qc7 22. Be3 Rf7 23. Bf3 Rb8 24. Rad1 Rd7 25. Qf2 Bf8 26. gxf5 gxf5 27. Rxd7 Bxd7 28. Kh1 Kh8 29. Rg1 Bc6 30. Rd1 Be7 31. Bxc6 Qxc6+ 32. Qg2 Qxg2+ 33. Kxg2 Rb7 34. Kf3 Kg7 35. Bf2 Kf7 0-1

[Event "EU-ch U16"]
[Site "Bratislava"]
[Date "2019.08.03"]
[Round "2"]
[White "Kalkowski, Igor"]
[Black "Lomandong, Marc Antoine"]
[Result "0-1"]
[WhiteElo "1833"]
[BlackElo "2055"]
[PlyCount "62"]
[EventDate "2019.08.02"]
[EventType "swiss"]
[EventRounds "9"]
[EventCountry "SVK"]
[SourceTitle "CBM 191 Extra"]
[Source "ChessBase"]
[SourceDate "2019.09.30"]
[SourceVersion "1"]
[SourceVersionDate "2019.09.30"]
[SourceQuality "1"]

1. e4 g6 2. d4 Bg7 3. Nc3 c6 4. Nf3 d5 5. exd5 cxd5 6. Bb5+ Bd7 7. Bxd7+ Qxd7 8. 0-0 Nc6 9. Re1 Nh6 10. Ne5 Nxe5 11. dxe5 d4 12. Ne4 0-0 13. Bg5 Nf5 14. Bf4 Rac8 15. Rc1 Qd5 16. Qf3 Qxa2 17. g4 Nh6 18. Qh3 g5 19. Nxg5 Rc6 20. e6 f5 21. gxf5 Rxf5 22. Qg3 Qd5 23. Re2 Rc8 24. Ne4 Qxe6 25. Kh1 Rcf8 26. Bxh6 Qxh6 27. Qb3+ Kh8 28. Rg1 Be5 29. h3 Rf3 30. Rg8+ Rxg8 31. Qxf3 Qc1+ 0-1

[Event "London Classic op 10th"]
[Site "London"]
[Date "2018.12.16"]
[Round "9"]
[White "Vachtfeidl, Petr"]
[Black "Kalkowski, Igor"]
[Result "0-1"]
[WhiteElo "1861"]
[BlackElo "1716"]
[PlyCount "70"]
[EventDate "2018.12.09"]
[EventType "swiss"]
[EventRounds "9"]
[EventCountry "ENG"]
[SourceTitle "EXT 2020"]
[Source "ChessBase"]
[SourceDate "2019.10.17"]
[SourceVersion "1"]
[SourceVersionDate "2019.10.17"]
[SourceQuality "1"]

1. d4 d5 2. c4 c6 3. Nf3 Nf6 4. Nc3 e6 5. Bg5 h6 6. Bh4 g5 7. Bg3 dxc4 8. e4 b5 9. h4 g4 10. Ne5 Bb4 11. a3 Ba5 12. Rc1 Nxe4 13. Qxg4 Qxd4 14. Nf3 Qd5 15. Be5 Rf8 16. Be2 Nxc3 17. bxc3 Nd7 18. Bg7 Rg8 19. Rd1 Bxc3+ 20. Bxc3 Qxd1+ 21. Bxd1 Rxg4 22. 0-0 Bb7 23. Re1 c5 24. g3 Rg8 25. Ne5 Bd5 26. Bh5 Nxe5 27. Rxe5 Ke7 28. Kh2 a5 29. f4 b4 30. Bb2 c3 31. Ba1 Rab8 32. f5 b3 33. f6+ Ke8 34. Bxc3 b2 35. Bxb2 Rxb2+ 0-1